00719nam a2200181 a 4500001001000000003000400010005001700014008004100031040002500072082001700097110005300114245011000167260008300277300003500360500005200395650005400447700003600501000029170OSt20210205103813.0110414s1927 dr ac r 000 0 spa d aDO-SdBNPbspacBNPHU 4a630.7bR462c1 aRepública Dominicana.bColegio de Agricultura.10aInvestidura de los primeros bachilleres en ciencias agrícolas 1927 /ceditor Virgilio Montalvo Cabral. aSanto Domingo :bSecretaría de Estado de Agricultura e Inmigración,c1927. a47 p. :bil., retrs. ;c23 cm. aA la cabeza del titulo: Colegio de Agricultura  4aAgriculturaxEnseñanza zRepública Dominicana1 aMontalvo Cabral, Virgilio,eed.